ბათუმის შოთა რუსთაველის სახელმწიფო უნივერსიტეტის ბიბლიოთეკა

ჩარევა სასურველია:საჯარო დებატები ჰაინრიჰ ბიოლის ფონდში (ბიბ.ჩანაწერი № 36641)

000 -LEADER
fixed length control field 00735nam a2200181Ia 4500
001 - CONTROL NUMBER
control field 2561
003 - CONTROL NUMBER IDENTIFIER
control field GE_BSU
008 - FIXED-LENGTH DATA ELEMENTS--GENERAL INFORMATION
fixed length control field 181216s||||||||xx |||||||||||||| ||und||
040 ## - CATALOGING SOURCE
Transcribing agency GE_BSU
080 ## - UNIVERSAL DECIMAL CLASSIFICATION NUMBER
Universal Decimal Classification number 323.1
245 ## - TITLE STATEMENT
Title ჩარევა სასურველია:საჯარო დებატები ჰაინრიჰ ბიოლის ფონდში
245 ## - TITLE STATEMENT
Statement of responsibility, etc. ნინო ლეჟავა. რედ. ნინო ბექიშვილი
260 ## - PUBLICATION, DISTRIBUTION, ETC.
Place of publication, distribution, etc. თბილისი
260 ## - PUBLICATION, DISTRIBUTION, ETC.
Date of publication, distribution, etc. 2008
300 ## - PHYSICAL DESCRIPTION
Extent 443გვ.
653 ## - INDEX TERM--UNCONTROLLED
Uncontrolled term ჩარევა სასურველია:საჯარო დებატები ჰაინრიჰ ბიოლის ფონდში
942 ## - ADDED ENTRY ELEMENTS (KOHA)
Koha item type წიგნი
ეგზემპლარები
Withdrawn status Lost status Damaged status Not for loan Date acquired Barcode Date last seen Price effective from Koha item type
        2018-12-17 1615 2018-12-17 2018-12-17 წიგნი